Loading...
Jayaprakash Narayan/
| Main Author: | |
|---|---|
| Format: | Printed Book |
| Published: |
New Delhi:
National Book Trust,
2002.
|
| Subjects: |
| LEADER | 00490nam a22001451a 4500 | ||
|---|---|---|---|
| 999 | |c 21597 |d 21597 | ||
| 020 | |a 9788123739274 | ||
| 082 | |a 923.2 |b P02 | ||
| 100 | |a Sudhanshu Ranjan | ||
| 245 | |a Jayaprakash Narayan/ |c by Sudhanshu Ranjan. | ||
| 260 | |a New Delhi: |b National Book Trust, |c 2002. | ||
| 300 | |a 295p. | ||
| 650 | |a Biography Jayaprakash Narayan | ||
| 942 | |c BK | ||
| 952 | |0 0 |1 0 |4 0 |6 923_200000000000000_P02 |7 0 |9 30327 |a SSUS |b SSUS |d 2015-01-08 |g 70.00 |o 923.2 P02 |p 046731 |r 2015-01-08 |v 0.00 |w 2015-01-08 |y BK | ||